Úverové riziko a jeho postavenie v rámci ostatných finančných rizík v komerčných bankách bakalárska práca

Saved in:
Bibliographic Details
Main Author: Obitková, Monika
Corporate Author: Národohospodárska fakulta EU. Katedra bankovníctva a medzinárodných financií
Other Authors: Žoldáková, Natália, 1985-
Format: Book
Language:Slovak
Published: Bratislava 2012
Tags: Add Tag
No Tags, Be the first to tag this record!

MARC

LEADER 00000nbm a2200000 4500
001 0155969
005 20161109111929.3
041 0 |a slo 
044 |a SK 
245 1 0 |a Úverové riziko a jeho postavenie v rámci ostatných finančných rizík v komerčných bankách  |b bakalárska práca  |c Monika Obitková ; školiteľ: Natália Žoldáková 
264 1 |a Bratislava  |c 2012 
300 |a 36 s. 
100 1 |a Obitková, Monika 
700 1 |a Žoldáková, Natália, 1985- 
710 2 |a Národohospodárska fakulta EU. Katedra bankovníctva a medzinárodných financií